Statistics for Repeated Syllable Answers

Click here to take the quiz!

General Stats

  • This quiz has been taken 54 times
  • The average score is 11 of 20

Answer Stats

HintAnswer% Correct
Dorothy Gale's dogToto
86%
South African archbishop OR a ballet dressTutu
86%
MediocreSo-So
82%
Stringed toyYoyo
82%
Pardon me boy, is that the Chattanooga ____ ____Choo Choo
70%
Singer / Actress born Stefani GermanottaGaga
70%
Actress Gabor, sister of Eva and MagdaZsa Zsa
70%
Yogi Bear's friend OR a child's ouchieBoo-Boo
68%
Star Wars' BinksJar Jar
66%
This fly is a vector for sleeping sickness.Tsetse
60%
Belgian cartoon reporter and adventurerTintin
58%
Get "sent up the river" to this prisonSing Sing
54%
Lemur whose name sounds like a naval affirmativeAye-aye
52%
Music band of "Dolls" from Buffalo NYGoo Goo
48%
1958 Musical starring Leslie Caron in the eponymous roleGigi
34%
Sign language using gorillaKoko
32%
1950s uprising in KenyaMau Mau
30%
He left his home in Tucson Arizona for some California grassJojo
28%
Small African antelopeDik-dik
18%
Appetizer platter at Chinese or Polynesian restaurantPu-Pu
16%

Score Distribution

Percentile by Number Answered

Percent of People with Each Score

Your Score History

You have not taken this quiz